000
00497nam a2200181Ia 4500
008
090124s9999 xx 000 0 und d
082
_b
120004
100
_a
खरे सुरेश.
245
_a
काचेचा चंद्र
250
_a
2
260
_c
1972
300
_a
88
600
_a
खरे सुरेश.
630
_a
काचेचा चंद्र
700
_a
खरे सुरेश.
730
_a
काचेचा चंद्र
942
_c
BOOK
999
_c
166090
_d
166090